000 00495nmm a2200157Ia 4500
008 251105s9999||||xx |||||||||||||||||und||
020 _a9789560106544
041 _aspa
100 _aHernández Montecinos, Héctor
245 0 _aLos nombres propios: materiales para un ensayo de vida
264 _a[Santiago de Chile, Chile] :
_bRil editores,
_c2018
300 _a278 páginas
650 _aLatin American narrative
856 _uhttps://public.digitaliapublishing.com/a/65424
942 _cCF
999 _c93996
_d93996